Sports Quiz

Random Sports or Country Quiz

NHL Nationalities 2013-2014 Quiz Stats

 Plays Quiz not verified by Sporcle

Challenge
Share
Tweet
Embed
Score 0/17 Timer 01:30
0 Plays Today
Number of Players Country % Correct
509Canada
99.8%
242United States
99.5%
34Russia
97.8%
78Sweden
97.5%
32Finland
95%
37Czech Republic
86.8%
14Slovakia
85.6%
6Germany
84.6%
1Norway
79.7%
Number of Players Country % Correct
2France
74.4%
11Switzerland
72.1%
1Slovenia
71.9%
8Denmark
71.2%
2Latvia
71.1%
3Austria
65.4%
2Belarus
56.6%
1Lithuania
41.5%

You're not logged in!

Compare scores with friends on all Sporcle quizzes.
Join for Free
OR
Log In

You Might Also Like...

Show Comments

Extras

Top Quizzes Today


Score Distribution

Your Account Isn't Verified!

In order to create a playlist on Sporcle, you need to verify the email address you used during registration. Go to your Sporcle Settings to finish the process.

Report this User

Report this user for behavior that violates our Community Guidelines.

Details: